[Event "Irish Women's Championship 2024"]
[Site "Dublin IRL"]
[Date "2024.08.18"]
[Round "5.1"]
[White "Mirza, Diana"]
[Black "Doolin, Bedhbh"]
[Result "1-0"]
[WhiteTitle "WFM"]
[WhiteElo "1981"]
[BlackElo "1594"]
[WhiteICU "1952"]
[BlackICU "1677"]
[WhiteClub "U.C.D."]
[BlackClub "Moate Juniors"]
[WhiteNationality "IRL"]
[BlackNationality "IRL"]
[WhiteFideId "2503999"]
[BlackFideId "2517221"]
[PlyCount "85"]
[Venue "Talbot Hotel Stillorgan"]
[EventDate "2024.08.16"]
[HashCode "5568facb"]

{ Event information: <a
href="https://www.irlchess.com/irlchw2024_allfiles/pairings_irlchw2024.html">Tournament
report</a>. }

1. d4 d5 2. Nf3 Nf6 3. e3 e6 4. Bd3 Bd6 5. Nbd2 O-O 6. b3 b6 7. Bb2 Nbd7 8.
Ne5 Bb7 9. Qf3 c5 10. g4 Qc7 11. Nxd7 Qxd7 12. g5 Ne8 13. Qh3 f5 14. gxf6
Nxf6 15. Rg1 e5 16. Bxh7+ Kf7 17. Bg6+ Ke7 18. Bf5 Qc7 19. Rxg7+ Rf7 20.
Rg6 exd4 21. exd4 cxd4 22. O-O-O Raf8 23. Bxd4 Nd7 24. Qh4+ Rf6 25. Rg7+
Rf7 26. Re1+ Ne5 27. Rxf7+ Kxf7 28. Qh7+ Kf8 29. Qxc7 Bxc7 30. Bxe5 Rxf5
31. Bxc7 Rxf2 32. Rf1 Rxf1+ 33. Nxf1 Bc8 34. Kd2 Ke7 35. Ne3 Ke6 36. Kd3 b5
37. Kd4 Bb7 38. h4 a6 39. Be5 Bc6 40. h5 Be8 41. h6 Bg6 42. Nxd5 Bxc2 43.
Nc7+ 1-0

[Event "Irish Women's Championship 2024"]
[Site "Dublin IRL"]
[Date "2024.08.18"]
[Round "5.2"]
[White "Doolin, Nemhain"]
[Black "Dorman, Orla"]
[Result "1-0"]
[WhiteElo "1683"]
[BlackElo "1721"]
[WhiteICU "1748"]
[BlackICU "1765"]
[WhiteClub "Moate Juniors"]
[WhiteNationality "IRL"]
[BlackNationality "IRL"]
[WhiteFideId "2517230"]
[BlackFideId "456039"]
[PlyCount "99"]
[Venue "Talbot Hotel Stillorgan"]
[EventDate "2024.08.16"]
[HashCode "6345c509"]

{ Event information: <a
href="https://www.irlchess.com/irlchw2024_allfiles/pairings_irlchw2024.html">Tournament
report</a>. }

1. e4 e6 2. d4 d5 3. e5 c5 4. c3 Nc6 5. Nf3 Bd7 6. Be2 cxd4 7. cxd4 Qb6 8.
O-O Nge7 9. Na3 Nf5 10. Nc2 Be7 11. a3 O-O 12. b4 a6 13. Be3 f6 14. g4 Nxe3
15. Nxe3 fxe5 16. Nxe5 Nxe5 17. dxe5 Bb5 18. Bxb5 Qxb5 19. Nc2 Qb6 20. Qd4
Bd8 21. Qc5 Rf4 22. h3 Qxc5 23. bxc5 Rc4 24. Rac1 Rc8 25. Ne3 R4xc5 26. Rb1
b5 27. Rfd1 Bg5 28. Ng2 Rc1 29. f4 Rxd1+ 30. Rxd1 Be7 31. Rd3 b4 32. a4 Rc3
33. Rxc3 bxc3 34. Ne1 d4 35. Kf1 Kf7 36. Ke2 Kg6 37. Kd3 Bc5 38. Nf3 Kf7
39. Ng5+ Ke7 40. Nxh7 Ba3 41. Kc2 Kf7 42. Ng5+ Ke7 43. f5 exf5 44. gxf5 d3+
45. Kxc3 Bc1 46. Nf3 g6 47. fxg6 Bh6 48. Kxd3 Ke6 49. Ke4 Bg7 50. h4 1-0

[Event "Irish Women's Championship 2024"]
[Site "Dublin IRL"]
[Date "2024.08.18"]
[Round "5.4"]
[White "Putar, Lorena"]
[Black "Li, Stella"]
[Result "0-1"]
[WhiteElo "1444"]
[BlackElo "1665"]
[BlackICU "1576"]
[BlackClub "Master"]
[WhiteNationality "IRL"]
[BlackNationality "IRL"]
[WhiteFideId "2521520"]
[BlackFideId "2520222"]
[PlyCount "68"]
[Venue "Talbot Hotel Stillorgan"]
[EventDate "2024.08.16"]
[HashCode "439da350"]

{ Event information: <a
href="https://www.irlchess.com/irlchw2024_allfiles/pairings_irlchw2024.html">Tournament
report</a>. }

1. e4 c5 2. Nf3 d6 3. Bc4 Nf6 4. d3 g6 5. O-O Bg7 6. h3 O-O 7. Bf4 Nc6 8.
Nc3 Bd7 9. a3 a6 10. Qd2 b5 11. Ba2 Rb8 12. Rab1 b4 13. axb4 Nxb4 14. Bc4
Bb5 15. Nxb5 axb5 16. Bb3 Qc7 17. c3 Nc6 18. d4 Nxe4 19. Qe3 c4 20. Bc2 Nf6
21. Bh6 Rfe8 22. Bxg7 Kxg7 23. Rfe1 e5 24. dxe5 Nxe5 25. Nxe5 Rxe5 26. Qd2
Rbe8 27. Rxe5 Rxe5 28. Ra1 Qe7 29. Kh2 Re2 30. Qc1 Rxf2 31. Qd1 Qe5+ 32.
Kg1 Qg3 33. Be4 Qe3 34. Bc6 Rd2+ 0-1

[Event "Irish Women's Championship 2024"]
[Site "Dublin IRL"]
[Date "2024.08.18"]
[Round "5.6"]
[White "Mats, Diana"]
[Black "Gora, Antonina"]
[Result "1-0"]
[WhiteElo "2079"]
[BlackElo "1937"]
[WhiteICU "2119"]
[BlackICU "1947"]
[WhiteClub "Dun Laoghaire"]
[BlackClub "Knights of Eanna /  Rathmines"]
[WhiteNationality "IRL"]
[BlackNationality "IRL"]
[WhiteFideId "14138611"]
[BlackFideId "1148290"]
[PlyCount "77"]
[Venue "Talbot Hotel Stillorgan"]
[EventDate "2024.08.16"]
[BlackFullName "G&oacute;ra, Antonina"]
[HashCode "4d51144e"]

{ Event information: <a
href="https://www.irlchess.com/irlchw2024_allfiles/pairings_irlchw2024.html">Tournament
report</a>. }

1. e4 c5 2. Nf3 d6 3. d4 cxd4 4. Nxd4 Nf6 5. Nc3 a6 6. Bg5 e6 7. f4 Qb6 8.
Nb3 Be7 9. Qe2 h6 10. Bxf6 Bxf6 11. e5 dxe5 12. fxe5 Be7 13. O-O-O Nc6 14.
h4 Qc7 15. Re1 b5 16. Kb1 Bb7 17. Rh3 Rc8 18. Qg4 Bf8 19. Rhe3 Nb4 20. Nd4
h5 21. Qf4 Nd5 22. Nxd5 Bxd5 23. Rc3 Qb7 24. Rxc8+ Qxc8 25. Nf3 Bxf3 26.
Qxf3 Be7 27. Bd3 Bxh4 28. Rf1 Qc7 29. Qa8+ Bd8 30. Qxa6 Qxe5 31. Bxb5+ Ke7
32. Qa3+ Qd6 33. Rxf7+ Kxf7 34. Qxd6 Be7 35. Qf4+ Bf6 36. a4 Rd8 37. a5
Rd1+ 38. Ka2 Rd5 39. Qc7+ 1-0